Normal view MARC view
  • Estados Unidos

Entry Nombre Geográfico

Number of records used in: 25

001 - NÚMERO DE CONTROL

  • campo de control: 20434

003 - IDENTIFICADOR DE NUMERO DE CONTROL

  • campo de control: MX-MxUPN

005 - FECHA Y HORA DE LA ÜLTIMA TRANSACCIÓN

  • campo de control: 20240912085346.0

008 - DATOS DE LONGITUD FIJA

  • campo de control de longitud fija: 230601n||acnnnbabn | ana |d

035 ## - NÚMERO DE CONTROL

  • Número de control: UPN10000020443

040 ## - FUENTE DE CATALOGACIÓN

  • Agencia de catalogación original: MX-MxUPN
  • Lenguaje de catalogación: spa
  • Agencia de transcripción: MX-MxUPN

053 #4 - NÚMERO DE CLASIFICACIÓN LC

  • Elemento de número de clasificación-número único o número de inicio de tramo: E178.1

151 ## - ENCABEZAMIENTO - NOMBRE GEOGRÁFICO

  • Nombre geográfico: Estados Unidos
  • Subdivisión general : Historia

670 ## - FUENTE EN LA QUE SE LOCALIZARON DATOS

  • Cita de la fuente: LC
  • Información localizada: United States - History

902 ## - CATALOGADOR

  • Catalogador: BDV/180512